| 000 | 00807nam a2200205Ia 4500 | ||
|---|---|---|---|
| 003 | GCL | ||
| 008 | 140319s9999 xx 000 0 ara d | ||
| 040 |
_aGCL / _cGCL |
||
| 082 | 0 | 4 |
_a922 _bح م |
| 100 | 1 | _aابن حجر العسقلانى : بدر الدين ابو المعالى محمد بن احمد بن على | |
| 245 | 1 | 0 |
_aالمجمع المؤسس للمعجم المفهرس / _cابن حجر العسقلانى : بدر الدين ابو المعالى محمد بن احمد بن على |
| 700 | 1 | _aيوسف عبدالرحمن المرعشلى | |
| 260 |
_aبيروت : _bدار المعرفة ، _c1992 |
||
| 300 |
_a658 ص ؛ _c24 سم |
||
| 490 | _a | ||
| 650 | 0 | 4 | _aالمعاجم |
| 650 | 0 | 4 | _aالاسلام - تراجم |
| 650 | 0 | 4 | _aالرجال - تراجم |
| 942 |
_2ddc _cBK |
||
| 999 |
_c39200 _d39200 |
||